O conto de amadiz de Portugal (Record no. 45745)
[ view plain ]
| 000 -Etiqueta do registo | |
|---|---|
| Valores | 00410nam a2200157 4500 |
| 100 ## - Dados gerais de processamento | |
| Dados gerais | 20260226 pory50 |
| 101 ## - Língua de publicação | |
| Língua | por |
| 102 ## - País de publicação | |
| País | PT |
| 200 ## - Titulo e menção de responsabilidade | |
| Título próprio | O conto de amadiz de Portugal |
| Informação de outro título | para os rapazes portugueses |
| Primeira menção de responsabilidade | Afonso lopes vieira |
| 210 ## - Publicação | |
| Local de publicação | [Lisboa] |
| Nome do editor | Livraria bertrand |
| Data de publicação | [S.d..] |
| 215 ## - Descrição física | |
| Paginação / Volumes | 43, [2] p. |
| Outras indicações físicas | 1 il. |
| 675 ## - CDU | |
| Notação | 82-93 |
| 801 ## - Fonte de origem | |
| País | PT |
| Regras de catalogação | RPC |
| 990 ## - Elementos KOHA | |
| Tipo de documento | Livro |
| Aquisição | Empréstimo | Código de barras | Cota | Permissão de empréstimo | Tipo de documento |
|---|---|---|---|---|---|
| Biblioteca Municipal de Redondo | Biblioteca Municipal de Redondo | 056974 | 82-93 VIE | Livro |